TV Name Swap II Quiz Stats

Quiz Updated Sep 18, 2017

Also try: TV Name Swap
Challenge
Share
Tweet
Embed
Score 0/40 Timer 08:00
0 Plays Today
Swapped Show Normal TV Show % Correct
Miley CyrusHannah Montana
87.6%
John's AngelsCharlie's Angels
83.5%
Everybody Hates TylerEverybody Hates Chris
80.9%
King of the JudgeKing of the Hill
65.9%
Amber of ArcadiaJoan of Arcadia
64.7%
Neil Patrick Harris, M.D.Doogie Howser, M.D.
64.1%
Crane's HeroesHogan's Heroes
63.7%
Paul's PlayhousePee-wee's Playhouse
62.2%
Crossing JillCrossing Jordan
60.6%
The Suite Life of Dylan & ColeThe Suite Life of Zack & Cody
59.8%
Melissa Explains It AllClarissa Explains It All
56.7%
Foxx and SonSanford and Son
56.5%
Candice BergenMurphy Brown
51.9%
Wild Wild ConradWild Wild West
50.7%
Penny & CindyLaverne & Shirley
48.3%
Brett Under FireGrace Under Fire
48.1%
Scarecrow and Mrs. JacksonScarecrow and Mrs. King
45.1%
United States of ToniUnited States of Tara
41.9%
Christina Who?Samantha Who?
40.6%
Soleil Moon FryePunky Brewster
40%
Swapped Show Normal TV Show % Correct
Jenna & ThomasDharma & Greg
36.5%
BrandyMoesha
35.8%
SavalasKojak
35.3%
The Courtship of Brandon's FatherThe Courtship of Eddie's Father
31.4%
Klugman, M.E.Quincy, M.E.
29.8%
Pierce BrosnanRemington Steele
29.8%
Raymond BurrPerry Mason
29.3%
Carroll O'Connor's PlaceArchie Bunker's Place
29.1%
FillionCastle
24.9%
W.A. ShatnerT.J. Hooker
24.8%
The Garry Shandling ShowThe Larry Sanders Show
24.4%
Susan & JaneKate & Allie
23.9%
Gil Gerard in the 25th CenturyBuck Rogers in the 25th Century
23.7%
Eliza CallingTru Calling
22.5%
The Many Loves of Dwayne HickmanThe Many Loves of Dobie Gillis
17.1%
Corin Nemec Can't LoseParker Lewis Can't Lose
15.6%
Our Miss ArdenOur Miss Brooks
14.9%
DryerHunter
9.9%
DiahannJulia
9.6%
Father DermotFather Ted
9.5%

You're not logged in!

Compare scores with friends on all Sporcle quizzes.
Sign Up with Email
OR
Log In

You Might Also Like...

Show Comments

Extras

Top Quizzes Today


Score Distribution

Your Account Isn't Verified!

In order to create a playlist on Sporcle, you need to verify the email address you used during registration. Go to your Sporcle Settings to finish the process.